| 000 | 00340nam a22001215i 4500 | ||
|---|---|---|---|
| 020 | _a9789698535292 | ||
| 082 |
_a820.949142 _bSHA |
||
| 100 | 1 |
_aShāh, Ṣafdar ʻAlī, _950778 |
|
| 245 | 1 | 0 |
_aColonialism English & Punjabi / _cSafdar Ali Shah. |
| 300 |
_a349 pages ; _c23 cm |
||
| 526 |
_a0 _b0 _c0 _d820_949142000000000_SHA |
||
| 942 |
_2ddc _cBK |
||
| 999 |
_c553534 _d553534 |
||